Donne e teologia (Record n. 336746)
[ formato base ]
| 000 -LEADER | |
|---|---|
| campo di controllo lung. fissa | nam a22 7a 4500 |
| 003 - Identificatore del numero di controllo | |
| campo di controllo | IT-MiCISF |
| 005 - Data e orario dell'ultima transazione | |
| campo di controllo | 20170707165636.0 |
| 008 - Elementi di lunghezza fissa--Informazione generale | |
| campo di controllo lung. fissa | 170707b xxu||||| |||| 00| 0 eng d |
| 040 ## - Fonte della catalogazione | |
| Agenzia catalografica originale | IT-MiCISF |
| Agenzia che fa la trascrizione | IT-MiCISF |
| 041 ## - Codice di lingua | |
| Codice di lingua del testo/traccia sonora o titolo separato | it |
| 100 ## - Accesso principale -- nome di persona | |
| Nome di persona | Perroni Marinella (et al.) |
| 9 (RLIN) | 56543 |
| 210 ## - Titolo abbreviato | |
| Titolo abbreviato | Il regno. Attualità |
| 245 ## - Formulazione del titolo | |
| Titolo | Donne e teologia |
| 260 ## - Pubblicazione, distribuzione, ecc. (stampa) | |
| Data di pubblicazione, distribuzione, ecc. | 2015 |
| 300 ## - Descrizione fisica | |
| Estensione | pp. 53-65 |
| 310 ## - Periodicità corrente della pubblicazione | |
| Periodicità corrente della pubblicazione | quindicinale |
| 362 ## - Date della pubblicazione e/o designazione sequenziale | |
| Date della pubblicazione e/o designazione sequenziale | n. 1, 15 gennaio |
| 500 ## - Nota generale | |
| Nota generale | donna, teologia, chiesa |
| 650 ## - Accesso aggiunto di soggetto--termine topico | |
| Termine topico o nome geografico come accesso | donna |
| 9 (RLIN) | 56116 |
| 654 ## - Accesso aggiunto di soggetto--termini topici faccettati | |
| Termine principale | dossier |
| 700 ## - Accesso aggiunto--nome di persona | |
| Nome di persona | Morra S. |
| -- | Vantini L. |
| -- | Tomassone L. |
| -- | Ciccone S. |
| -- | Simonelli C. |
| 9 (RLIN) | 56544 |
| 942 ## - Dati aggiuntivi (Koha) | |
| Fonte della classificazione o dello schema di collocazione (segnatura) | Dewey Decimal Classification |
| Tipo copia default (Koha) | RIVISTA |
| Ritirato (status) | Perso (status) | Fonte della classificazione o dello schema di collocazione (segnatura) | Danneggiato (status) | Non per il presito | Biblioteca proprietaria | Biblioteca in cui si trova | Data d'acquisizione | Totale prestiti | Collocazione | Data ultima operazione | Prezzo in vigore dal | Tipo copia default (Koha) |
|---|---|---|---|---|---|---|---|---|---|---|---|---|
| Dewey Decimal Classification | Buone Condizioni | Not For Loan | CISF - Milano | CISF - Milano | 07/07/2017 | A08/R096 | 07/07/2017 | 07/07/2017 | RIVISTA |